000 00554nam a2200193Ia 4500
005 20260120124626.0
008 008 260114s9999 xx 000 0 eng d
020 _a9780762312146
037 _aEBOOK
040 _aCRL
_beng
_cCRL
041 _aeng
_2eng
084 _qCRL
245 0 _aGender Realities: Local and Global
260 _bEmerald Publishing
_c2005
700 _aMarcia Texler Segal
_9908539
856 _uhttps://www.emerald.com/insight/publication/doi/10.1016/S1529-2126(2005)9
942 _cEBOOK
999 _c1500435
_d1500435